Nome dos Estados do Brasil - Statistics

Estatísticas Gerais
  • Esse quiz foi jogado 379 vezes
  • A pontuação média é 12 de 27
Estatísticas das Respostas
Dica Resposta % Correto
O Cristo Redentor fica lá. Rio de Janeiro.
78%
Lá, o açaí é muito famoso. Pará
70%
Fica acima da Paraíba e a direita do Ceará Rio Grande do Norte
70%
É o estado mais populoso do Brasil. São Paulo
64%
Esse estado tem um rio, e o rio é o maior do mundo em extensão territorial e volume de água. Amazonas
62%
É um estado que faz fronteira com Minas, mas é menor que ela. Bahia
59%
É o único estado do Brasil que faz fronteira com o uruguai. Rio Grande do sul
49%
Seu tamanho é comparado ao Vietnã/Vietname. Maranhão
48%
Ocupa 9,37% da área do Nordeste e 1,74% da superfície do Brasil. Ceará
46%
Sua Capital é a mais fria do Brasil. Paraná
44%
É o menor estado do Brasil. Sergipe
43%
Está localizado no centro-leste da região Nordeste e tem como limites os estados da Paraíba (N), do Ceará (NO), de Alagoas (SE), da Bahia (S) e do Piauí (O). Pernambuco
42%
Sua área urbanizada é de 99,6 º/o. Tocantins
39%
Fica acima do pernambuco e abaixo do Rio Grande do Norte Paraíba
38%
Sua bandeira tem branco, azul, amarelo e verde. Rondônia
38%
Sua Capital é Florianópolis. Santa Catarina
38%
A Lagoa da Pampulha e a Praça do Papa ficam lá. Minas Gerais
37%
Sua área total em km é de 251 577,738. Piauí
35%
Alguns o chamam de terra dos dinossauros. Acre
34%
Na Wikipedia, Compara-se ao tamanho Haiti. Alagoas
34%
O estado menos famoso do sudeste. Espírito Santo
33%
"Abriga" o Distrito Federal. Goiás
31%
O único estado do Brasil com o Pantanal. Mato Grosso
31%
Sua capital é Brasília. Distrito Federal
29%
O sul do acima. Mato Grosso do Sul
29%
Ocupa 2,63 º/o do território brasileiro. Roraima
28%
Compara-se esse país com a Grécia. Amapá
20%
Nenhum quiz correspondente encontrado
Distribuição das Pontuações
Porcentagem de Pessoas com Cada Pontuação
Percentil de Números Respondidos
Sua Pontuação Histórica
Você não jogou esse quiz